[Event "Challenge"]
[Site "http://www.queenalice.com/game.php?id=56506"]
[Date "2006.3.9"]
[Round "-"]
[White "elderdecampos"]
[Black "davidaniel"]
[Result "0-1"]
[WhiteElo "1026"]
[BlackElo "1268"]

1. e4 Nf6 2. d3 c5 3. g3 h5 4. Bf4 d5 5. Nc3 Na6 6. Nb5 Qa5+ 7. Nc3 d4 8. Bd2
dxc3 9. Bxc3 Qa4 10. Nf3 g6 11. b3 Qa3 12. Ne5 h4 13. Nc4 Bg4 14. Be2 Nb4 15.
Nxa3 hxg3 0-1

[Event "Challenge"]
[Site "http://www.queenalice.com/game.php?id=56507"]
[Date "2006.3.9"]
[Round "-"]
[White "elderdecampos"]
[Black "pattmenezes"]
[Result "1-0"]
[WhiteElo "987"]
[BlackElo "879"]

1. e4 d5 2. d3 e5 3. Be3 g5 4. exd5 a5 5. Nc3 Nd7 6. d4 exd4 7. Qe2 Ne7 8. Bxd4
Bh6 9. Bxh8 Ra6 10. Nb5 Rb6 11. Qe4 Rxb5 12. Bxb5 g4 13. Qxh7 Bd2+ 14. Kd1 Nxd5
15. Kxd2 b6 16. Re1+ Kf8 17. Qg7# 1-0

[Event "GreNal 02"]
[Site "http://www.queenalice.com/game.php?id=56645"]
[Date "2006.3.10"]
[Round "-"]
[White "elderdecampos"]
[Black "Cleo_Godoy"]
[Result "0-1"]
[WhiteElo "987"]
[BlackElo "1719"]

1. e4 e5 2. d3 Nf6 3. Bg5 c6 4. d4 d6 5. Be2 Be7 6. h4 Nxe4 7. Bg4 Bxg5 8. hxg5
Qxg5 9. Bh3 Bxh3 10. Nxh3 Qxg2 11. Rg1 Qxh3 12. Qg4 Qh2 13. Rg2 Qh6 14. Qxe4
Qc1+ 15. Ke2 Qxb2 16. Nd2 Qxa1 17. f4 Nd7 18. Nc4 d5 19. Qe3 dxc4 20. fxe5 O-O
21. Qg3 g6 22. Qg4 f5 23. Qf4 Qxa2 24. e6 Rfe8 0-1

[Event "Challenge"]
[Site "http://www.queenalice.com/game.php?id=56843"]
[Date "2006.3.11"]
[Round "-"]
[White "jochigol1802"]
[Black "elderdecampos"]
[Result "1-0"]
[WhiteElo "1527"]
[BlackElo "1250"]

1. e4 e5 2. Bc4 d6 3. Nc3 Be6 4. Bxe6 fxe6 5. d3 g6 6. Nf3 Nc6 7. O-O Qf6 8. Nb5
Rc8 9. c3 a6 10. Bg5 Qf7 11. Na3 d5 12. Nc2 h6 13. Be3 Rd8 14. Qe2 d4 15. cxd4
Bb4 16. Nxe5 Qe7 17. Nxg6 Qh7 18. Nxh8 Qxh8 19. f4 Ke7 20. d5 exd5 21. Nxb4 d4
22. Bf2 Nxb4 23. Bh4+ Nf6 24. e5 Qh7 25. Bxf6+ Ke8 26. Qh5+ Kd7 27. Bxd8 Nc6 28.
e6+ Kxd8 29. f5 Ke7 30. Rae1 Kd6 31. f6 1-0

[Event "Desafio 1"]
[Site "http://www.queenalice.com/game.php?id=57192"]
[Date "2006.3.13"]
[Round "-"]
[White "PlinioRegis"]
[Black "elderdecampos"]
[Result "1-0"]
[WhiteElo "1396"]
[BlackElo "1109"]

1. e4 e5 2. Nf3 g5 3. Nxe5 Nf6 4. d3 Bd6 5. Nc4 b6 6. Be2 Ba6 7. O-O Bxc4 8.
dxc4 Nxe4 9. Qd4 Nf6 10. Bxg5 Nc6 11. Qe3+ Be7 12. Bxf6 Rg8 13. Re1 Rg6 14. Bh4
Kf8 15. Bg3 Re6 16. Qf4 Bg5 17. Qg4 Qe7 18. Bxc7 Re8 19. Nc3 Bd2 20. Red1 Bxc3
21. bxc3 1-0

[Event "Desafio 2"]
[Site "http://www.queenalice.com/game.php?id=57193"]
[Date "2006.3.13"]
[Round "-"]
[White "elderdecampos"]
[Black "PlinioRegis"]
[Result "0-1"]
[WhiteElo "1103"]
[BlackElo "1409"]

1. e4 e5 2. b3 Nf6 3. d3 Bb4+ 4. Bd2 Bc5 5. Qf3 O-O 6. g3 d6 7. Bg5 Bb4+ 8. c3
Ba5 9. Nd2 Bxc3 10. Rc1 Bb2 11. Rc2 Ba3 12. Ne2 Nc6 13. Bxf6 gxf6 14. g4 Be6 15.
Rg1 d5 16. h4 Nb4 17. Rc3 c6 18. g5 d4 19. gxf6+ Kh8 20. Rc4 Bxc4 0-1

[Event "Desafio 1"]
[Site "http://www.queenalice.com/game.php?id=60113"]
[Date "2006.3.29"]
[Round "-"]
[White "elderdecampos"]
[Black "CaHeZa"]
[Result "0-1"]
[WhiteElo "1169"]
[BlackElo "1138"]

1. d4 d5 2. e3 Nf6 3. Nf3 Ne4 4. Qe2 a6 5. Nc3 Bf5 6. Ne5 Nxc3 7. bxc3 Nd7 8.
Qh5 Nxe5 9. dxe5 Bxc2 10. Be2 g6 11. Qg4 Bg7 12. Qf4 h5 13. Ba3 Bh6 14. Qf3 Be4
15. Qg3 f6 16. exf6 exf6 17. f3 Bc2 18. O-O Bxe3+ 19. Kh1 Bf5 20. Rad1 Bc2 0-1

[Event "Nós de novo 2"]
[Site "http://www.queenalice.com/game.php?id=61459"]
[Date "2006.4.5"]
[Round "-"]
[White "elderdecampos"]
[Black "Cleo_Godoy"]
[Result "0-1"]
[WhiteElo "1036"]
[BlackElo "1702"]

1. e4 e5 2. Nc3 Nc6 3. f3 Bc5 4. Nge2 Nf6 5. b3 d6 6. Bb2 Be6 7. Ng3 a6 8. d3
Bd4 9. Na4 Bxb2 10. Nxb2 Qd7 11. Qd2 O-O 12. O-O-O b5 13. Be2 a5 14. Rhf1 a4 15.
bxa4 Bxa2 16. Qg5 bxa4 17. Nf5 Ne8 18. f4 f6 19. Qg4 Qd8 20. Nh6+ Kh8 21. Nf5
Qb8 22. Rf3 a3 23. Nc4 Qb4 24. Rg3 Bxc4 25. Nxg7 a2 26. c3 Qxc3# 0-1

[Event "Challenge"]
[Site "http://www.queenalice.com/game.php?id=62371"]
[Date "2006.4.10"]
[Round "-"]
[White "elderdecampos"]
[Black "davidaniel"]
[Result "0-1"]
[WhiteElo "1211"]
[BlackElo "1323"]

1. e4 e5 2. Nc3 c6 3. b3 g6 4. Bb2 Bc5 5. Qe2 Qf6 6. Nh3 Na6 7. O-O-O Nh6 8. g3
d6 9. f4 Ng4 10. fxe5 dxe5 11. Bg2 Nb4 12. Rhf1 Qd8 13. Na4 Nxa2+ 14. Kb1 Nb4
15. Nxc5 Qa5 16. Qf3 Qxc5 17. c3 Na6 0-1